Normal view
MARC view
- Ahmad, Khurshid,
Entry Personal Name
001 - CONTROL NUMBER
- control field: 10152
003 - CONTROL NUMBER IDENTIFIER
- control field: NUST
005 - DATE AND TIME OF LATEST TRANSACTION
- control field: 20180312094245.0
008 - FIXED-LENGTH DATA ELEMENTS
- fixed length control field: 180312|| aca||aabn | a|a d
040 ## - CATALOGING SOURCE
- Original cataloging agency: NUST
- Transcribing agency: NUST
100 ## - HEADING--PERSONAL NAME
- Personal name: Ahmad, Khurshid,
- Relator term: editor.
670 ## - SOURCE DATA FOUND
- Source citation: Work cat.: (NUST)0: Maudoodi, Syed Abul ʻAla, 1903-1979, author. 10150, First principles of Islamic economics /
